Compartiendo secretos: sistematización desde la equidad /
Guardado en:
| 主要作者: | |
|---|---|
| Autores Corporativos: | , |
| 其他作者: | |
| 格式: | 圖書 |
| 語言: | Spanish |
| 出版: |
San José, Costa Rica :
Unión Mundial para la Naturaleza,
1999
|
| 叢編: | Serie hacia la equidad, no.8
|
| 主題: | |
| 標簽: |
添加標簽
沒有標簽, 成為第一個標記此記錄!
|
MARC
| LEADER | 00000nam a2200000Ia 4500 | ||
|---|---|---|---|
| 008 | 170125b1999 c ||||| |||| 00| | spa d | ||
| 999 | |c 839 |d 839 | ||
| 020 | |a 9968743267 | ||
| 090 | |a 04.02.03 |b 2000 | ||
| 100 | 1 | |a Rodríguez Villalobos, Rocío |9 2295 | |
| 245 | 1 | 0 | |a Compartiendo secretos: sistematización desde la equidad / |c Rocío Rodríguez Villalobos; CANTERA; REDNAS Centroamericanas, con la colaboración de Ana Elena Badilla |
| 260 | |a San José, Costa Rica : |b Unión Mundial para la Naturaleza, |c 1999 | ||
| 300 | |a 42 páginas | ||
| 490 | |a Serie hacia la equidad, no.8 | ||
| 650 | 1 | 4 | |a IGUALDAD DE OPORTUNIDADES |9 952 |
| 650 | 1 | 4 | |a EQUIDAD DE GÉNERO |9 420 |
| 650 | 1 | 4 | |a ASPECTOS SOCIALES |9 576 |
| 650 | 1 | 4 | |a METODOLOGÍA |9 285 |
| 700 | 1 | |a Badilla, Ana Elena |9 2294 | |
| 710 | 2 | |9 2296 |a CANTERA | |
| 710 | 2 | |9 2297 |a REDNAS CENTROAMERICANAS | |
| 942 | |i 003603 |h 04.02.03 2000 |2 z |c 01 | ||



